| 000 | 00819ntaaa2200229 4500 | ||
|---|---|---|---|
| 003 | 01 | ||
| 005 | 20251027201039.0 | ||
| 008 | 0714s1973 ag 01 | ||
| 040 |
_aAR-BaBN _bspa _cAR-BaBN _eaacr _dRIC |
||
| 082 | _a170 W78 | ||
| 245 |
_aEtica en la Pedagogía / _ctraducido por Carlos Witthaus |
||
| 250 | _a1 ed. | ||
| 260 |
_as.l. : _bRed Americana de Editoriales, _cc/958 |
||
| 300 | _a96 p. | ||
| 500 | _aCont.: Los valores moralmente significativos por B. Rosenmöller. La posición del niño frente a las obligaciones morales por M. Moers. | ||
| 650 |
_aValores Moralmente Significativos _97778 |
||
| 650 |
_aPosición del Niño Frente a las Obligaciones Morales _97779 |
||
| 650 |
_aRosenmöller, Bernardo _97780 |
||
| 650 |
_aMoers, Martha _97781 |
||
| 700 |
_aWitthaus, Carlos _etraductor _97782 |
||
| 942 | _cBK | ||
| 999 |
_c4628 _d4628 |
||